| 000 | 00504nam a22001817a 4500 | ||
|---|---|---|---|
| 003 | SISC | ||
| 005 | 20160309082614.0 | ||
| 008 | 130902t xxu||||| |||| 00| 0 eng d | ||
| 020 | _a0321021444 | ||
| 050 |
_aPN 1042 _b.K39 1998 |
||
| 082 |
_aHS 808.1 _bK39 1997 |
||
| 100 |
_aKennedy, X. J. _913777 |
||
| 245 |
_aAn introduction to poetry : _ban instructor's manual / _cX. J. Kennedy |
||
| 260 |
_aNew York : _bLongman, _cc1998. |
||
| 300 |
_a211 p., _c24 cm. |
||
| 942 |
_2lcc _cBK |
||
| 999 |
_c10218 _d10218 |
||